Aircraft performance (Record no. 34039)

MARC details
000 -LEADER
fixed length control field 00508nam a2200145 a 4500
008 - FIXED-LENGTH DATA ELEMENTS--GENERAL INFORMATION
fixed length control field 120416s0000 ||||||||||||||||| || u
020 ## - INTERNATIONAL STANDARD BOOK NUMBER
International Standard Book Number 034075897X
050 ## - LIBRARY OF CONGRESS CALL NUMBER
Classification number TL 671.4 Esh
100 ## - MAIN ENTRY--PERSONAL NAME
Personal name Eshelby, Martin E
245 10 - TITLE STATEMENT
Title Aircraft performance
246 ## - VARYING FORM OF TITLE
Title proper/short title theory and practice
260 ## - PUBLICATION, DISTRIBUTION, ETC.
Place of publication, distribution, etc. London
Name of publisher, distributor, etc. Arnold
Date of publication, distribution, etc. 2000
350 ## - PRICE (NR) (BK AM CF MU VM SE) [OBSOLETE]
Price 0.00
995 ## - RECOMMENDATION 995 [LOCAL, UNIMARC FRANCE]
-- 0.00
-- CBU-MAIN LIBRARY (Kitwe)
-- 1
-- 40000.00
-- 1
-- AVAILABLE
-- Jul 6, 2006
-- Main Library Open Access Collection
Holdings
Withdrawn status Lost status Source of classification or shelving scheme Damaged status Not for loan Home library Current library Shelving location Date acquired Total Checkouts Total Renewals Full call number Barcode Date due Date last seen Date last checked out Price effective from Koha item type
          CBU-MAIN LIBRARY, KITWE. CBU-MAIN LIBRARY, KITWE.   11/30/2022 2 1 TL 671.4 Esh 45384 08/31/2026 04/29/2026 04/29/2026 11/30/2022 MONOGRAPH